Civil government for Indian students (Record no. 373079)

000 -LEADER
fixed length control field 00461cam a22001577a 4500
008 - FIXED-LENGTH DATA ELEMENTS--GENERAL INFORMATION
fixed length control field 180718b1928 xxu||||| |||| 00| 0 eng d
082 ## - DEWEY DECIMAL CLASSIFICATION NUMBER
Classification number B5 M349
100 ## - MAIN ENTRY--PERSONAL NAME
Personal name Marris, William
245 ## - TITLE STATEMENT
Title Civil government for Indian students
Statement of responsibility, etc. by William Marris and James Wilford Garner
260 ## - PUBLICATION, DISTRIBUTION, ETC.
Place of publication, distribution, etc. Calcutta
Name of publisher, distributor, etc. S.C. Sanial
Date of publication, distribution, etc. 1928
300 ## - PHYSICAL DESCRIPTION
Extent 368p.
650 ## - SUBJECT ADDED ENTRY--TOPICAL TERM
Topical term or geographic name entry element USA - Government
650 ## - SUBJECT ADDED ENTRY--TOPICAL TERM
Topical term or geographic name entry element India - Government
650 ## - SUBJECT ADDED ENTRY--TOPICAL TERM
Topical term or geographic name entry element Government
700 ## - ADDED ENTRY--PERSONAL NAME
Personal name Garner, James Wilford
Holdings
Withdrawn status Lost status Damaged status Not for loan Permanent Location Current Location Date acquired Full call number Barcode Date last seen Price effective from Koha item type
        Indian Institute of Public Administration Indian Institute of Public Administration 1994-06-18 B5 M349 31291 2018-07-21 2018-07-21 Book

Powered by Koha